000 00737nam a2200229 i 4500
001 10670
003 ES-MaACL
005 20230906145932.0
007 t|
008 951003s1993 sp |||| | spa d
020 _a84-381-0192-5
080 _a7.033.5(460)"1474/1517"
080 _a395(460)"1474/1517"
100 1 _aDomínguez Casas, Rafael.
_945199
245 1 0 _aArte y etiqueta de los Reyes Católicos
_b: artistas, residencias, jardines y bosques /
_cRafael Domínguez Casas.
260 _aMadrid :
_bAlpuerto,
_c1993.
300 _a721 p. :
_bil. ;
_c24 cm.
504 _aBibliografía.
650 1 4 _aArte renacentista-
_zEspaña.
_9145372
650 1 4 _aEtiqueta-
_zEspaña-
_vHistoria.
_9168723
852 _aES-MaACL
_jL-18044
999 _c10670
_d10670